000 00592cam a22002171 4500
001 sa 65007669
003 DLC
005 20260227112150.0
008 890403s1962 xx 000 0 hino
010 _asa 65007669
035 _a(OCoLC)23564763
040 _aDLC
_cMiU
_dDLC
042 _apremarc
050 0 0 _aDS485.B492
_bF77
100 1 _aGuharay, Nagendrakumar.
245 0 0 _aḌāktāra Bidhāna Rāẏera jībana-carita.
260 _c[1962]
300 _a15, 294, [2] p.
_billus., facsim., ports.
_c23 cm.
500 _aRomanized.
600 1 0 _aRoy, Bidhan Chandra,
_d1882-1962.
999 _c65283
_d65283